| 000 | 00623nam a2200217 a 4500 | ||
|---|---|---|---|
| 005 | 20260322212057.0 | ||
| 008 | data | ||
| 010 | _a77-677313 | ||
| 020 | _a0433307617 | ||
| 020 | _a9780433307617 | ||
| 096 | _aWM 100 Sm99p | ||
| 100 | 1 |
_aSmythies, John R. _q(John Raymond), _d1922- |
|
| 245 | 1 | 0 |
_aPsychiatry for students of medicine _c[by] John R. Smythies and Lionel Corbett. |
| 260 |
_aLondon _bHeinemann Medical _c 1976 |
||
| 300 |
_a[7], 321 p. : _b ill., form ; _c 21 cm. |
||
| 500 | _aIncludes index. | ||
| 650 | 0 | 2 | _aMental Disorders |
| 650 | 0 | 2 | _aPsychiatry |
| 710 | 2 | _aCorbett, Lionel, joint author. | |
| 001 | data | ||
| 999 |
_c1350 _d1350 |
||